Používatelia odborných informácií vo výrobnom podniku. (so zameraním na n.p. Slovakofarma) diplomová práca

Bibliographic Details
Main Author: Vavrová, Viera (Author)
Other Authors: Matthaeidesová, Marta, 1948- (ini), Chrenko, Viktor (ini), Löfflerová, Oľga (ini)
Format: Book
Language:Slovak
PhysicalDescription:69 s., 7 príl. 30 cm
Published: V Bratislave Filozofická fakulta Univerzity Komenského 1980
Subjects:

MARC

LEADER 00000nam a2200000 a 4500
001 vtls001354480
003 SK-MaSNL
005 20260301010446.0
008 240313sm y0 xo r 0 slo
035 |a SNK000307920 
040 |a SNK  |b slo  |c SNK  |e AACR2 
044 |a xo  |c SK 
072 7 |a 334  |x Formy organizácie a spolupráce v ekonomike  |2 konspekt 
072 7 |a 316.4/.7  |x Sociálne interakcie  |2 konspekt 
080 |a 334.716  |2 1981 
080 |a 316.775  |2 1981 
080 |a 002.6  |2 1981 
080 |a (043)378.2  |2 1981 
100 1 |a Vavrová, Viera  |4 aut  |9 7558 
245 1 |a Používatelia odborných informácií vo výrobnom podniku. (so zameraním na n.p. Slovakofarma)  |b diplomová práca  |c diplomant: Viera Vavrová ; školiteľ: Marta Matthaeidesová ; konzultanti: Viktor Chrenko, Oľga Löfflerová 
260 |a V Bratislave  |b Filozofická fakulta Univerzity Komenského  |c 1980 
300 |a 69 s., 7 príl.  |c 30 cm 
500 |a Na tit. strane uvedené: Hlohovec 
650 0 7 |a priemyselné podniky  |2 SNKPH  |9 2346 
650 0 7 |a používatelia informácií  |2 SNKPH  |9 4964 
650 0 7 |a informačné strediská  |2 SNKPH  |9 63914 
655 7 |a diplomové práce  |2 SNKPH  |9 70156 
700 1 |a Matthaeidesová, Marta,  |d 1948-  |4 ini  |9 105943 
700 1 |a Chrenko, Viktor  |4 ini  |9 292301 
700 1 |a Löfflerová, Oľga  |4 ini  |9 292302 
999 |c 548174  |d 550104 
952 |t P60, <03>, [BOOK], {603}  |a SNK  |b SNK  |y PREZ  |7 0  |p 17A0097303  |o snkDIP 56  |i snkF 312/2002  |0 0  |1 0  |4 0  |d 2002-04-15  |l 0  |r 2005-01-02 00:00:00  |w 2026-02-23